| 000 | 01238 a2200193 4500 | ||
|---|---|---|---|
| 001 | 29665 | ||
| 005 | 20260407155607.0 | ||
| 008 | 260407a1950 arg spa d | ||
| 003 | AR-UNSa-BCEJYS | ||
| 040 |
_aAR-UNSa-BCEJYS _bspa _cAR-UNSa-BCEJYS |
||
| 080 |
_a657.36 _xBalances de comprobación (balance estimativo). Balances de saldo. Balance intermedio |
||
| 245 | 1 | 0 | _aLos balances de las sociedades anónimas |
| 264 | 1 |
_aBuenos Aires : _bDepalma _c1950 |
|
| 300 |
_a481p. _c24 cm. |
||
| 505 | _aParte I: 1. Nociones generales - 2. Las normas vigentes sobre balances y sus antecedentes legislativos - 3. De las varias clases de balances de las sociedades anónimas en nuestro codigo de comercio - 4. La formación del balance - 5. Efectos jurídicos de la aprobación del balance - 6. El depósito y la publicación del balance - 7. Sanciones por la violación de las normas sobre balance - Parte II: El contenido del balance 8. De los rubros del balance en general - 9. Mercaderias y titulos de crédito - 10. Las inmovilizaciones - 11. Creditos y debitos - 12. El capital social - 13. Las reservas - 14. Cuentas de ganancias y perdidas. | ||
| 942 | _cBK | ||
| 590 | _aniveau_biblio:m niveau_hierar:0 | ||
| 100 | 1 | _aDe Gregorio, Alfredo | |
| 999 |
_c1936 _d1936 |
||